00720 a2200205 450000500170000000800410001702000180005804000480007604100080012424500450013226000510017730000380022850400410026665000350030765000420034265000460038470000330043070000300046370000210049320140903175031.0140204s2008 ck d frn 000 0 spa d a9789589797662 aCO-BoUCMbspacRoberto BurgosdHenry Ríos aspa aGestión urbanabdebates y aplicaciones aBogotábUniversidad Piloto de Colombiac2008 a143 páginasbgráficos, tablas aIncluye referencias bibliográficas aUrbanismozBogotá (Colombia) aVivienda popularzBogotá (Colombia) 7aSociología urbanazBogotá (Colombia) 1 aMiranda Ruiz, Leonel Alberto1 aOrtega Ávila, Cristhian1 aPrieto, Fabían